The Outsiders Character Quiz - Statistics

General Stats
  • This quiz has been taken 552 times
  • The average score is 10 of 15
Answer Stats
Hint Answer % Correct
Greasers Ponyboy
99%
Johnny
93%
Dally
91%
Darry
91%
Two-Bit
87%
Steve
81%
Socs Bob
80%
Cherry
80%
Randy
69%
Extra People! Tim
62%
Soda's Girlfriend Sandy
60%
Marcia
57%
Soda's horse Mickey Mouse
57%
Shepard Boys Curly
38%
Sodapop
0%
No matching quizzes found
Score Distribution
Percent of People with Each Score
Percentile by Number Answered
Your Score History
You have not taken this quiz